|
|
|
|
| LEADER |
00884nam a22002411a 4500 |
| 001 |
000708104 |
| 003 |
CZ BrMZK |
| 005 |
20131105112817.0 |
| 007 |
ta |
| 008 |
040309s1965 xr e cze d |
| 015 |
|
|
|a cnb000484949
|
| 035 |
|
|
|a (OCoLC)42100444
|
| 040 |
|
|
|a BOA001
|b cze
|
| 100 |
1 |
|
|a Protiva, Karel
|7 jx20050609026
|4 aut
|
| 245 |
1 |
0 |
|a Chemie pro 1. a 2. ročník hutnických odborných učilišť a učňovských škol /
|c Karel Protiva
|
| 250 |
|
|
|a 2. vyd.
|
| 260 |
|
|
|a Praha :
|b Státní nakladatelství technické literatury,
|c 1965
|
| 300 |
|
|
|a 261 s.
|
| 910 |
|
|
|a BOA001
|b 2-0545.038
|b PK-0041.017
|
| 964 |
|
|
|a Chemie - učebnice - učiliště odborná hutnická
|
| 990 |
|
|
|a BK
|
| 996 |
7 |
|
|b 2619028486
|c 2-0545.038
|l HP2
|r DEN
|n 0
|w 000708104
|u 000020
|a 1
|e BOA001
|j MZK50
|s A
|
| 996 |
6 |
|
|b BC-139204
|c PK-0041.017
|l MZK
|r Sklad / do 1 hodiny
|n 0
|w 000708104
|u 000010
|a 1
|e BOA001
|j MZK50
|s P
|